[Event "SVK-chT2D 1314"]
[Site "Slovakia"]
[Date "2014.02.23"]
[Round "9.5"]
[White "Kneznik, Frantisek"]
[Black "Jurcisin, Imrich"]
[Result "0-1"]
[WhiteElo "2088"]
[BlackElo "2022"]
[PlyCount "28"]
[EventDate "2013.10.19"]
[EventType "team-tourn"]
[EventRounds "11"]
[EventCountry "SVK"]
[SourceTitle "EXT 2015"]
[Source "ChessBase"]
[SourceDate "2014.11.20"]
[SourceVersion "1"]
[SourceVersionDate "2014.11.20"]
[SourceQuality "1"]
[WhiteTeam "Margecany"]
[BlackTeam "Kosice Slavia UPJS III"]
[WhiteTeamCountry "SVK"]
[BlackTeamCountry "SVK"]

1. Nf3 Nc6 2. e4 e5 3. d4 exd4 4. Nxd4 Bc5 5. Nb3 Bb6 6. Bc4 Ne5 7. Be2 Qh4 8. 0-0 Nf6 9. Nc3 Neg4 10. Bxg4 Nxg4 11. h3 Nxf2 12. Rxf2 Qxf2+ 13. Kh1 d6 14. a4 Bg4 0-1

[Event "SVK-chT2D 0809"]
[Site "Slovakia"]
[Date "2008.10.11"]
[Round "1.5"]
[White "Kneznik, Frantisek"]
[Black "Fecko, Juraj"]
[Result "1-0"]
[WhiteElo "1985"]
[BlackElo "1884"]
[PlyCount "129"]
[EventDate "2008.10.11"]
[EventType "team-tourn"]
[EventRounds "11"]
[EventCountry "SVK"]
[SourceTitle "EXT 2010"]
[Source "ChessBase"]
[SourceDate "2010.11.25"]
[SourceVersion "1"]
[SourceVersionDate "2010.11.25"]
[SourceQuality "1"]
[WhiteTeam "Hranovnica"]
[BlackTeam "Michalovce Zemplin II"]
[WhiteTeamCountry "SVK"]
[BlackTeamCountry "SVK"]

1. e4 g6 2. d4 Bg7 3. f4 d6 4. h3 Nf6 5. e5 dxe5 6. fxe5 Nd5 7. Nf3 0-0 8. Bg5 h6 9. Bh4 Bf5 10. Qd2 Nc6 11. c3 Rb8 12. Bd3 Bxd3 13. Qxd3 b5 14. 0-0 Qd7 15. Nbd2 g5 16. Bxg5 hxg5 17. Nxg5 f5 18. e6 Qe8 19. Rxf5 Rxf5 20. Qxf5 Nf6 21. Nde4 Qh5 22. Qc5 Nxe4 23. Nxe4 Qxc5 24. Nxc5 b4 25. d5 bxc3 26. bxc3 Bxc3 27. Rc1 Bd4+ 28. Kh1 Nb4 29. Nd7 Nxa2 30. Rxc7 Rb5 31. Rc8+ Kg7 32. d6 Rb1+ 33. Kh2 exd6 34. e7 Re1 35. e8Q Rxe8 36. Rxe8 a5 37. Re4 Bc3 38. Nb6 Be5+ 39. Kg1 Nc3 40. Rg4+ Kf7 41. Nc4 Bf6 42. Nxa5 d5 43. Nc6 d4 44. Kf1 d3 45. Ke1 Nb1 46. Rf4 Kg6 47. Nd4 d2+ 48. Kd1 Nc3+ 49. Kxd2 Bg5 50. Kxc3 Bxf4 51. Kd3 Be5 52. g4 Bh8 53. Ke4 Bf6 54. Nf3 Kh7 55. Kf5 Ba1 56. g5 Bb2 57. h4 Bg7 58. h5 Bf8 59. Kf6 Ba3 60. Kf7 Bb2 61. Nh4 Bc3 62. Nf5 Kh8 63. g6 Bg7 64. Nd6 Be5 65. h6 1-0